000 00556nam a2200205Ia 4500
005 20250508170228.0
008 008 250505s9999 xx 000 0 eng d
020 _a978-93-91978-45-7
037 _aTextual
040 _aFEDL
_beng
_cFEDL
041 _aeng
_2eng
084 _a370.153 4, NAI
_qFEDL
100 _aNair Harshith B
_9783534
245 0 _aDecipering academic emotions
260 _aLondon, UK
_bRed Shine
_c2023
300 _a245p.
365 _aGBP
_b20
942 _cTEXL
_h370.153 4, NAI
999 _c1399917
_d1399917